书目信息 |
| 题名: |
手工钨极氩弧焊一学就会
|
|
| 作者: | 王兵 主编 | |
| 分册: | ||
| 出版信息: | 北京 化学工业出版社 2014 |
|
| 页数: | 243页 | |
| 开本: | 21cm | |
| 丛书名: | ||
| 单 册: | ||
| 中图分类: | TG444 | |
| 科图分类: | ||
| 主题词: | 钨极惰气保护焊 | |
| 电子资源: | ||
| ISBN: | 978-7-122-21425-6 | |
| 000 | 00926nam0 2200241 450 | |
| 001 | 012015000016 | |
| 005 | 20150914103654.21 | |
| 010 | @a978-7-122-21425-6@dCNY29.00 | |
| 100 | @a20150107d2014 em y0chiy50 ea | |
| 101 | 0 | @achi |
| 102 | @aCN@b110000 | |
| 105 | @aa z 000yy | |
| 106 | @ar | |
| 200 | 1 | @a手工钨极氩弧焊一学就会@Ashou gong wu ji ya hu han yi xue jiu hui@f王兵主编 |
| 210 | @a北京@c化学工业出版社@d2014 | |
| 215 | @a243页@c图@d21cm | |
| 300 | @a焊工自学读本 | |
| 330 | @a本书从氩弧焊的基础讲起,简述了氩弧焊的原理、特点和适用范围以及氩弧焊所用设备和氩弧焊的工艺理论和实操技能,分析了氩弧焊中常见故障与排除方法。内容包括氩弧焊安全文明与生产、氩弧焊焊接材料、氩弧焊焊接设备与调试、手工钨极氩弧焊的基本操作技术、氩弧焊焊接质量与控制。 | |
| 606 | 0 | @a钨极惰气保护焊 |
| 690 | @aTG444@v5 | |
| 701 | 0 | @a王兵@Awang bing@c(技校教师)@4主编 |
| 801 | 0 | @aCN@b碧洲教育@c20150716 |
| 905 | @a10447@f4@dTG444@e25 | |
| 手工钨极氩弧焊一学就会/王兵主编.-北京:化学工业出版社,2014 |
| 243页:图;21cm |
| 焊工自学读本 |
| ISBN 978-7-122-21425-6:CNY29.00 |
| 本书从氩弧焊的基础讲起,简述了氩弧焊的原理、特点和适用范围以及氩弧焊所用设备和氩弧焊的工艺理论和实操技能,分析了氩弧焊中常见故障与排除方法。内容包括氩弧焊安全文明与生产、氩弧焊焊接材料、氩弧焊焊接设备与调试、手工钨极氩弧焊的基本操作技术、氩弧焊焊接质量与控制。 |
| ● |
| 相关链接 |
|
|
|
|
正题名:手工钨极氩弧焊一学就会
索取号:TG444/25
 
预约/预借
| 序号 | 登录号 | 条形码 | 馆藏地/架位号 | 状态 | 备注 |
| 1 | 0870932 | 208709325 | 第二样本阅览室/ [索取号:TG444/25] | 在馆 | |
| 2 | 0870933 | 208709334 | 第三借阅区/ [索取号:TG444/25] | 在馆 | |
| 3 | 0870934 | 208709343 | 第三借阅区/ [索取号:TG444/25] | 在馆 | |
| 4 | 0870935 | 208709352 | 第三借阅区/ [索取号:TG444/25] | 在馆 |